000
00282 a2200133 4500
001
60191
020
_a
3928503037
040
_c
Anchieta - Pituba
240
1
0
_a
Koln
_l
por
245
1
0
_a
Koln
300
_a
64
650
4
_a
Tratamento histórico e geográfico de pessoas
942
_c
BK
999
_c
60191
_d
60191